[Event "Athens Epikoinonia 1st"]
[Site "Athens"]
[Date "2013.05.26"]
[Round "6.8"]
[White "Ilaridis, Mihail"]
[Black "Karkalis, Aggelos"]
[Result "1-0"]
[WhiteElo "1544"]
[BlackElo "1555"]
[PlyCount "35"]
[EventDate "2013.04.14"]
[EventType "swiss"]
[EventRounds "7"]
[EventCountry "GRE"]
[SourceTitle "EXT 2024"]
[Source "ChessBase"]
[SourceDate "2023.10.10"]
[SourceVersion "1"]
[SourceVersionDate "2023.10.10"]
[SourceQuality "1"]

1. e4 c6 2. d4 d5 3. f3 e6 4. Nc3 Nd7 5. e5 c5 6. f4 cxd4 7. Nb5 Bc5 8. Nxd4 Qb6 9. Ngf3 Ne7 10. c3 Nc6 11. a3 a6 12. b4 Be7 13. Be2 0-0 14. Qd3 Rd8 15. Nxc6 Qxc6 16. Be3 Qc7 17. 0-0 f5 18. Rfc1 1-0

[Event "Athens Epikoinonia 1st"]
[Site "Athens"]
[Date "2013.05.12"]
[Round "4.5"]
[White "Alexiadis, Hristos"]
[Black "Karkalis, Aggelos"]
[Result "1-0"]
[WhiteElo "1888"]
[BlackElo "1555"]
[PlyCount "87"]
[EventDate "2013.04.14"]
[EventType "swiss"]
[EventRounds "7"]
[EventCountry "GRE"]
[SourceTitle "EXT 2024"]
[Source "ChessBase"]
[SourceDate "2023.10.10"]
[SourceVersion "1"]
[SourceVersionDate "2023.10.10"]
[SourceQuality "1"]

1. e4 c6 2. d4 d5 3. exd5 cxd5 4. Bd3 Nc6 5. c3 Nf6 6. Bf4 Bg4 7. Qb3 Qb6 8. Qxb6 axb6 9. Nd2 e6 10. Ngf3 Be7 11. Ne5 0-0 12. Nxg4 Nxg4 13. Bb5 Ra5 14. a4 Rfa8 15. 0-0 Rc8 16. Rfe1 g5 17. Bg3 h5 18. h3 Nh6 19. Nf3 h4 20. Bh2 Nf5 21. Bd3 Ng7 22. Kh1 Bf6 23. Ne5 Nxe5 24. dxe5 Be7 25. f4 Rca8 26. Bb5 Nh5 27. Bg1 Ng3+ 28. Kh2 Bc5 29. fxg5 Kh8 30. Bd4 Bxd4 31. cxd4 Rg8 32. Rac1 Ra7 33. Rc7 Rf8 34. b3 Kg7 35. Bd3 Raa8 36. g6 Rac8 37. Rec1 Rxc7 38. Rxc7 Nf5 39. Bxf5 exf5 40. Rxf7+ Rxf7 41. gxf7 Kxf7 42. g3 hxg3+ 43. Kxg3 Kg6 44. Kf4 1-0

[Event "Athens Epikoinonia 1st"]
[Site "Athens"]
[Date "2013.04.28"]
[Round "3.9"]
[White "Karkalis, Aggelos"]
[Black "Roussopoulos, Fotis"]
[Result "1-0"]
[WhiteElo "1555"]
[BlackElo "1465"]
[PlyCount "71"]
[EventDate "2013.04.14"]
[EventType "swiss"]
[EventRounds "7"]
[EventCountry "GRE"]
[SourceTitle "EXT 2024"]
[Source "ChessBase"]
[SourceDate "2023.10.10"]
[SourceVersion "1"]
[SourceVersionDate "2023.10.10"]
[SourceQuality "1"]

1. d4 Nf6 2. Nf3 d5 3. c4 c6 4. Nc3 e6 5. Bg5 dxc4 6. e4 b5 7. e5 h6 8. Bh4 g5 9. Nxg5 hxg5 10. Bxg5 Nbd7 11. exf6 Ba6 12. g3 Nb6 13. Bg2 Nd5 14. 0-0 Bb7 15. Re1 Qd7 16. Qf3 0-0-0 17. Ne4 Nb4 18. Nc5 Bxc5 19. dxc5 Nc2 20. Red1 Nd4 21. Qa3 a6 22. Be3 e5 23. Rd2 Qf5 24. Bxd4 exd4 25. Rad1 Qxf6 26. b4 c3 27. Rd3 Rhe8 28. Qc1 Re2 29. Rf3 Qe6 30. Bf1 Rxa2 31. Bd3 Rd5 32. Re1 Re5 33. Bf5 Rxe1+ 34. Qxe1 Qxf5 35. Rxf5 c2 36. Qe8+ 1-0